| 000 | 00636nam a22002057a 4500 | ||
|---|---|---|---|
| 003 | koha_MIRAKIL | ||
| 005 | 20241016125019.0 | ||
| 008 | 231213b |||||||| |||| 00| 0 ||| d | ||
| 020 | _a9786051920313 | ||
| 040 |
_aTR-IsEVY _btur _cTR-IsEVY |
||
| 082 | _aFIC CAR/M | ||
| 100 | _aCarnavas, Peter. | ||
| 245 | 0 |
_aMavi Balina'nın mavi şarkıları / _cPeter Carnavas. |
|
| 250 | _a2. bs. | ||
| 260 |
_bHep Kitap Yayınları, _c2018. _aİstanbul : |
||
| 300 |
_a31 s. : _brenkli resimli; _c24 cm. |
||
| 650 | _aChildren's literature -- Short stories. | ||
| 650 |
_aÇocuk edebiyatı -- Hikaye. _vResimli Kitaplar. |
||
| 942 |
_2ddc _cBK |
||
| 999 |
_c20858 _d20858 |
||